00841nam a2200253 a 450000100060000000300080000600500170001400800410003102000170007203500190008904000270010804100080013508200240014310000310016724500560019825000160025426000410027030000260031150400500033765000450038794200120043299900170044495201260046156478BD-RjUL20211209080413.0161129s1978 ii b 001 0 eng  c: IRs. 50.00 a(BD-RjUL)56602 aDLCcDLCdBD-RjULbeng aeng00a181.4223bLAC 19781 aLal, Basant Kumar.916797810aContemporary Indian philosophy /cBasant Kumar Lal. a2d rev. ed. aDelhi :bMotilal Banarsidass,c1978. axxi, 346 p. ;c22 cm. aIncludes Bibliographical References and Index 0aPhilosophy, Indiay20th century.9167979 2ddccBK c56478d56478 00102ddc40718NFICaRUCLbRUCLcStackd1983-11-28eAuthorl0o181.4 LAC 1978r2016-11-29 00:00:00tC-1w2016-11-29yBK